Länder mit den meisten Touristen mit Ausnahmen - Statistiken

Allgemein
  • Dieses Quiz wurde 12.595 mal gespielt
  • Das Durchschnittsergebnis liegt bei 15 aus 20
Antwortstatistiken
Rang # Ankünfte Land % Korrekt
3 79,6 m Vereinigte Staaten
99%
4 62,9 m China
97%
11 31,1 m Japan
95%
17 21,1 m Kanada
92%
38 9,25 m Australien
90%
7 41,4 m Mexiko
89%
20 17,4 m Indien
87%
9 38,3 m Thailand
84%
35 11,3 m Ägypten
82%
37 10,5 m Südafrika
80%
26 15,3 m Südkorea
78%
31 13,4 m Indonesien
77%
6 45,8 m Türkei
75%
32 12,3 m Marokko
67%
25 15,5 m Vietnam
66%
27 15,3 m Saudi-Arabien
61%
24 15,9 m Vereinigte Arabische Emirate
58%
14 25,8 m Malaysia
51%
28 14,7 m Singapur
50%
36 11,0 m Taiwan
38%
Keine übereinstimmenden Quizze gefunden
Verteilung der Resultate
Anzahl Personen mit jedem Resultat
Perzentil nach korrekt beantworteten Fragen
Ihre Resultats-Entwicklung
Sie haben dieses Quiz noch nicht gespielt